Sushi Train Japanese Words (Need to Know) - Statistics

General Stats
  • This quiz has been taken 11 times
  • The average score is 12 of 51
Answer Stats
Hint Answer % Correct
5 Go
78%
1 Ichi
78%
7 Nana
78%
2 Ni
78%
___ (When Addressing other Staff) San
78%
3 San
78%
4 Yon
78%
6 Roku
67%
Thank You! Arigatou Gozaimasu
56%
8 Hachi
56%
Welcome! Irasshaimase
56%
9 Kyu
56%
Here you are, It's Ready Douzo
33%
1 [Universal Counter] Hitotsu
33%
Object Ko
33%
2 [Universal Counter] Futatsu
22%
5 [Universal Counter] Itsutsu
22%
9 [Universal Counter] Kokonotsu
22%
3 [Universal Counter] Mittsu
22%
6 [Universal Counter] Muttsu
22%
Tea Ocha
22%
Water Omizu
22%
Plates Osara
22%
4 [Universal Counter] Yottsu
22%
Table / Counter Ban
11%
I'm Having Break Itadakimasu
11%
10 Jyuu
11%
Break Kyukei
11%
Customer Meisama
11%
0 Nashi
11%
Please..., Give me.... Onegaishimasu
11%
8 [Universal Counter] Yattsu
11%
Chamame / Soy Beans Edamame
0%
11 Jyuu-Ichi
0%
12 Jyuu-Ni
0%
Plate / Dish Kozara
0%
Group of Customers Kumi
0%
I'm Back from Break Kyukei Arigatou Gozaimashita
0%
Waiting Machi
0%
7 [Universal Counter] Nanatu
0%
20 Ni-Jyuu
0%
21 Ni-Jyuu-Ichi
0%
22 Ni-Jyuu-Ni
0%
Bill Oaiso
0%
When you start working... Ohayou Gozaimasu
0%
When you have finished working... Otsukaresama Deshita
0%
Toilet Sanban
0%
Chairs Seki
0%
Soy Syo-u
0%
Refilling Tea Tea Service
0%
10 [Universal Counter] Toh
0%
No matching quizzes found
Score Distribution
Percent of People with Each Score
Percentile by Number Answered
Your Score History
You have not taken this quiz